00757nam a2200241 4500003000400000005001700004008004100021020001500062040001800077050001300095100002500108245013700133264003700270300001800307336002200325337002400347338002400371650003900395700002200434700002700456942001500483999001700498OSt20260530115258.0260421b1980 sp a|||| |||| 00| 0 spa d a842520951X aICIbspacICI aT20bC751 aCross, Nigel,eautor10aDiseñando el futuro :bTextos de la open university /cNigel cross, David elliott, robin roy ; version castellana de Cristina holm1 bGustavo Gili,c1980aBarcelona : a166 páginas atexto2rdacontent asin medio2rdamedia avolumen2rdacarrier0 aPredicciones tecnológicas930849 aRoy, Robin9308501 aElliott, David,d1943- 2lcccBKn1 c12730d12730